[Event "GER-ch Seniors 65 31st"]
[Site "Radebeul"]
[Date "2019.04.30"]
[Round "5"]
[White "Wolter, Guenter"]
[Black "Siegmund, Rainer"]
[Result "1/2-1/2"]
[WhiteElo "1849"]
[BlackElo "2093"]
[PlyCount "113"]
[EventDate "2019.04.26"]
[EventType "swiss"]
[EventRounds "9"]
[EventCountry "GER"]
[SourceTitle "CBM 190 Extra"]
[Source "ChessBase"]
[SourceDate "2019.07.15"]
[SourceVersion "1"]
[SourceVersionDate "2019.07.15"]
[SourceQuality "1"]

1. e4 c5 2. Nc3 Nc6 3. g3 g6 4. Bg2 Bg7 5. d3 d6 6. f4 e6 7. Nf3 Nge7 8. 0-0 0-0 9. Rb1 Rb8 10. Be3 Nd4 11. Ne2 Nec6 12. c3 Nxf3+ 13. Bxf3 b6 14. g4 Bb7 15. Ng3 d5 16. e5 d4 17. Bxc6 Bxc6 18. cxd4 Qd5 19. Ne4 f5 20. exf6 Bxf6 21. dxc5 Bd4 22. Qe2 bxc5 23. Rf3 c4 24. Bxd4 Qxd4+ 25. Qe3 Qxe3+ 26. Rxe3 Rxf4 27. h3 cxd3 28. Nd2 Bd5 29. b3 Rbf8 30. Rf1 Rd4 31. Rxf8+ Kxf8 32. Kf2 Ke7 33. Re1 Bb7 34. Ke3 Rd8 35. Ne4 Rd5 36. Kd2 h6 37. Rc1 Kd8 38. Rc3 g5 39. Nc5 Bc8 40. Rxd3 Ke7 41. Rxd5 exd5 42. Kd3 h5 43. gxh5 Bxh3 44. Kd4 g4 45. Nd3 g3 46. Nf4 Bf1 47. Kxd5 g2 48. Nxg2 Bxg2+ 49. Kc5 Kf6 50. b4 Bf1 51. b5 Kg5 52. Kc6 Bc4 53. a4 Bb3 54. a5 Ba4 55. Kc5 Bd1 56. Kd6 Be2 57. Kc6 1/2-1/2

[Event "Wch Seniors 65 28th"]
[Site "Bled"]
[Date "2018.11.26"]
[Round "8"]
[White "Siegmund, Rainer"]
[Black "Svensson, Soren"]
[Result "1-0"]
[WhiteElo "2102"]
[BlackElo "1987"]
[PlyCount "61"]
[EventDate "2018.11.18"]
[EventType "swiss"]
[EventRounds "11"]
[EventCountry "SLO"]
[SourceTitle "CBM 187 Extra"]
[Source "ChessBase"]
[SourceDate "2018.11.04"]
[SourceVersion "1"]
[SourceVersionDate "2018.11.04"]
[SourceQuality "1"]

1. d4 d5 2. c4 c6 3. Nf3 Nf6 4. Nc3 e6 5. e3 Nbd7 6. Qc2 Bd6 7. Bd3 0-0 8. 0-0 dxc4 9. Bxc4 b5 10. Be2 Bb7 11. Rd1 Qc7 12. e4 e5 13. dxe5 Nxe5 14. g3 a6 15. Bg5 Rad8 16. Bxf6 gxf6 17. Nh4 Bc8 18. Nf5 Bxf5 19. exf5 Be7 20. Ne4 c5 21. Nc3 Nc6 22. Nd5 Qa7 23. Qe4 Kg7 24. Bf3 Ne5 25. Bg2 Bd6 26. Qh4 Be7 27. Re1 Rd7 28. Rxe5 fxe5 29. f6+ Bxf6 30. Qxf6+ Kg8 31. Qxe5 1-0

[Event "Sachsen-ch Seniors op 25th"]
[Site "Dresden"]
[Date "2017.10.09"]
[Round "5"]
[White "Siegmund, Rainer"]
[Black "Szenetra, Werner"]
[Result "1-0"]
[WhiteElo "2077"]
[BlackElo "2181"]
[PlyCount "89"]
[EventDate "2017.10.05"]
[EventType "swiss"]
[EventRounds "9"]
[EventCountry "GER"]
[SourceTitle "EXT 2019"]
[Source "ChessBase"]
[SourceDate "2018.10.10"]
[SourceVersion "1"]
[SourceVersionDate "2018.10.10"]
[SourceQuality "1"]

1. d4 g6 2. c4 Bg7 3. e4 d6 4. Nc3 Nc6 5. Be3 e5 6. Nge2 Nf6 7. f3 0-0 8. d5 Na5 9. Nc1 c5 10. Qd2 a6 11. a3 Qc7 12. Bd3 Bd7 13. Rb1 Rab8 14. b4 cxb4 15. Rxb4 b5 16. cxb5 Rfc8 17. N1e2 axb5 18. Nxb5 Bxb5 19. Bxb5 Qc2 20. Qxc2 Rxc2 21. Bd3 Rcc8 22. 0-0 Nd7 23. Rfb1 Ra8 24. Bb5 Nc5 25. Nc3 f5 26. Na4 fxe4 27. Nb6 exf3 28. Nxa8 Rxa8 29. gxf3 Nab7 30. a4 Rf8 31. Kg2 Na5 32. Bc6 e4 33. fxe4 Na6 34. Rb5 Nc4 35. R1b3 Nc7 36. R5b4 Na5 37. Rb1 Na6 38. Rb6 Nc4 39. R6b3 Na5 40. Rd3 Nc4 41. Bb5 Nxe3+ 42. Rxe3 Nc5 43. a5 Rb8 44. Ra3 Nxe4 45. Bd3 1-0

[Event "GER-chA Seniors 28th"]
[Site "Niederhausen"]
[Date "2016.08.15"]
[Round "3"]
[White "Siegmund, Rainer"]
[Black "Weber, Martin1"]
[Result "1/2-1/2"]
[WhiteElo "2077"]
[BlackElo "1879"]
[PlyCount "52"]
[EventDate "2016.08.13"]
[EventType "swiss"]
[EventRounds "9"]
[EventCountry "GER"]
[SourceTitle "EXT 2019"]
[Source "ChessBase"]
[SourceDate "2018.10.10"]
[SourceVersion "1"]
[SourceVersionDate "2018.10.10"]
[SourceQuality "1"]

1. d4 d5 2. c4 dxc4 3. Nf3 Nf6 4. e3 e6 5. Bxc4 a6 6. 0-0 b5 7. Bd3 c5 8. dxc5 Bxc5 9. Qe2 0-0 10. Rd1 Qe7 11. h3 Nc6 12. Nbd2 Bb7 13. Nb3 Bb6 14. e4 e5 15. Be3 Bxe3 16. Qxe3 Nb4 17. Bb1 Rac8 18. Ne1 h6 19. a3 Nc6 20. Nc5 Rfd8 21. Bd3 Nd4 22. b4 Rc6 23. Rac1 Bc8 24. Bf1 Nh5 25. Ned3 Rcd6 26. Re1 g5 1/2-1/2

[Event "Bayern-ch Seniors op 27th"]
[Site "Bergen"]
[Date "2015.06.15"]
[Round "7"]
[White "Jergler, Karl Heinz"]
[Black "Siegmund, Rainer"]
[Result "1-0"]
[WhiteElo "2076"]
[BlackElo "1991"]
[PlyCount "77"]
[EventDate "2015.06.15"]
[EventType "swiss"]
[EventRounds "9"]
[EventCountry "GER"]
[SourceTitle "EXT 2019"]
[Source "ChessBase"]
[SourceDate "2018.10.10"]
[SourceVersion "1"]
[SourceVersionDate "2018.10.10"]
[SourceQuality "1"]

1. e4 c5 2. c3 Nf6 3. e5 Nd5 4. d4 cxd4 5. Nf3 Nc6 6. Bc4 e6 7. cxd4 d6 8. a3 Be7 9. 0-0 0-0 10. Qe2 a6 11. Bd3 b5 12. Qe4 g6 13. Bh6 Re8 14. Nc3 Bb7 15. Nxd5 exd5 16. Qf4 Qd7 17. Rfe1 dxe5 18. Nxe5 Nxe5 19. Rxe5 Bf8 20. Bxf8 Rxf8 21. Rae1 Rae8 22. Qf6 Rxe5 23. Rxe5 Re8 24. h4 Rxe5 25. Qxe5 h5 26. f3 Bc8 27. Kf2 Qc6 28. Qf4 Qe6 29. Qg5 Kf8 30. Qf4 Bd7 31. Be2 Ke7 32. g4 hxg4 33. fxg4 Kf8 34. h5 Kg8 35. Bf3 Qc6 36. h6 Be6 37. Qf6 Qc2+ 38. Kg3 Qc7+ 39. Kh3 1-0

[Event "Bayern-ch Seniors op 27th"]
[Site "Bergen"]
[Date "2015.06.15"]
[Round "2"]
[White "Siegmund, Rainer"]
[Black "Niedermaier, Peter"]
[Result "1/2-1/2"]
[WhiteElo "1991"]
[BlackElo "1757"]
[PlyCount "86"]
[EventDate "2015.06.15"]
[EventType "swiss"]
[EventRounds "9"]
[EventCountry "GER"]
[SourceTitle "EXT 2019"]
[Source "ChessBase"]
[SourceDate "2018.10.10"]
[SourceVersion "1"]
[SourceVersionDate "2018.10.10"]
[SourceQuality "1"]

1. d4 Nf6 2. c4 g6 3. Nc3 d5 4. Nf3 Bg7 5. Bg5 Ne4 6. Bh4 Nxc3 7. bxc3 dxc4 8. Qa4+ Bd7 9. Qxc4 0-0 10. Qb4 Nc6 11. Qxb7 Rb8 12. Qa6 Rb6 13. Qa3 Re8 14. e3 Qb8 15. Qc1 Bf5 16. Bc4 Na5 17. Be2 Rb2 18. Nd2 Rc2 19. Qa3 Qb2 20. Qxb2 Rxb2 21. Bg3 c5 22. Bc7 Nc6 23. Bf3 Rc8 24. Bxc6 Rxc7 25. Be4 cxd4 26. cxd4 Bxe4 27. Nxe4 Rcc2 28. 0-0 Rxa2 29. Rxa2 Rxa2 30. Rc1 f5 31. Ng5 Ra6 32. Rc8+ Bf8 33. g3 h6 34. Nf3 Kg7 35. Ne5 Rd6 36. h4 Rd5 37. Kf1 a5 38. Nxg6 Kxg6 39. Rxf8 e5 40. dxe5 Rxe5 41. Ke2 Re4 42. Kd3 a4 43. f3 Rb4 1/2-1/2

[Event "Bayern-ch Seniors op 27th"]
[Site "Bergen"]
[Date "2015.06.15"]
[Round "6"]
[White "Siegmund, Rainer"]
[Black "Schmidt, Gerhard3"]
[Result "1/2-1/2"]
[WhiteElo "1991"]
[BlackElo "2131"]
[PlyCount "25"]
[EventDate "2015.06.15"]
[EventType "swiss"]
[EventRounds "9"]
[EventCountry "GER"]
[SourceTitle "EXT 2019"]
[Source "ChessBase"]
[SourceDate "2018.10.10"]
[SourceVersion "1"]
[SourceVersionDate "2018.10.10"]
[SourceQuality "1"]

1. d4 d5 2. c4 e6 3. Nc3 Nf6 4. cxd5 exd5 5. Bg5 Be7 6. e3 c6 7. Bd3 Nbd7 8. Qc2 Nh5 9. Bxe7 Qxe7 10. Nge2 g6 11. 0-0 0-0 12. Ng3 Nxg3 13. hxg3 1/2-1/2

[Event "EU-chT Seniors"]
[Site "Sibenik"]
[Date "2014.04.03"]
[Round "3.8"]
[White "Geenen, Marc"]
[Black "Siegmund, Rainer"]
[Result "1/2-1/2"]
[WhiteElo "2240"]
[BlackElo "2148"]
[PlyCount "55"]
[EventDate "2014.04.01"]
[EventType "team-swiss"]
[EventRounds "9"]
[EventCountry "CRO"]
[SourceTitle "CBM 159 Extra"]
[Source "ChessBase"]
[SourceDate "2014.04.24"]
[SourceVersion "1"]
[SourceVersionDate "2014.04.24"]
[SourceQuality "1"]
[WhiteTeam "Belgium Seniors"]
[BlackTeam "Germany Stiftung BSW/DBAG Seniors"]
[WhiteTeamCountry "BEL"]
[BlackTeamCountry "GER"]

1. e4 c5 2. Nf3 Nc6 3. d4 cxd4 4. Nxd4 Nf6 5. Nc3 e5 6. Ndb5 d6 7. Bg5 a6 8. Na3 b5 9. Bxf6 gxf6 10. Nd5 Bg7 11. Bd3 Ne7 12. Nxe7 Qxe7 13. 0-0 0-0 14. c4 f5 15. Qf3 Qb7 16. exf5 Qxf3 17. gxf3 e4 18. Bxe4 d5 19. Bxd5 Rb8 20. Rab1 Bxf5 21. Be4 Bh3 22. Rfd1 Be5 23. f4 Bxf4 24. Rd3 Be6 25. cxb5 axb5 26. b3 Kh8 27. Kh1 Rfc8 28. Rbd1 1/2-1/2

[Event "EU-chT Seniors 15th"]
[Site "Dresden"]
[Date "2013.07.25"]
[Round "6"]
[White "Danner, Georg"]
[Black "Siegmund, Rainer"]
[Result "1/2-1/2"]
[WhiteElo "2315"]
[BlackElo "2130"]
[PlyCount "57"]
[EventDate "2013.07.20"]
[EventType "team-swiss"]
[EventRounds "9"]
[EventCountry "GER"]
[SourceTitle "CBM 155 Extra"]
[Source "ChessBase"]
[SourceDate "2013.08.26"]
[SourceVersion "1"]
[SourceVersionDate "2013.08.26"]
[SourceQuality "1"]
[WhiteTeam "Austria"]
[BlackTeam "Dresden Striesen"]
[WhiteTeamCountry "AUT"]
[BlackTeamCountry "GER"]

1. d4 Nf6 2. Nf3 e6 3. e3 d5 4. Bd3 c5 5. b3 cxd4 6. exd4 Nc6 7. 0-0 Bd6 8. Bb2 b6 9. Nbd2 0-0 10. Qe2 Nb4 11. Ne5 Nxd3 12. Qxd3 Bb7 13. a4 a5 14. Rfe1 Ba6 15. c4 Rc8 16. Rac1 Qe7 17. Qe3 Rc7 18. Rc2 Rfc8 19. Rec1 Bb4 20. Bc3 Ba3 21. Rb1 Bd6 22. h3 h6 23. Rbc1 Ba3 24. Rb1 Bd6 25. Qf3 Bb7 26. Qe2 Ba6 27. Qf3 Bb7 28. Qe2 Ba6 29. Qf3 1/2-1/2

[Event "GER-ch Seniors"]
[Site "Dresden"]
[Date "2012.08.13"]
[Round "5"]
[White "Siegmund, Rainer"]
[Black "Boehm, Erwin"]
[Result "1-0"]
[WhiteElo "2139"]
[BlackElo "2223"]
[PlyCount "43"]
[EventDate "2012.08.09"]
[EventType "swiss"]
[EventRounds "9"]
[EventCountry "GER"]
[SourceTitle "EXT 2014"]
[Source "ChessBase"]
[SourceDate "2013.11.20"]
[SourceVersion "1"]
[SourceVersionDate "2013.11.20"]
[SourceQuality "1"]

1. d4 g6 2. c4 Bg7 3. e4 Nc6 4. Be3 d6 5. Nc3 e5 6. Nge2 Nh6 7. f3 f5 8. d5 Ne7 9. Qd2 Nf7 10. Nc1 c5 11. dxc6 bxc6 12. Be2 0-0 13. 0-0 Be6 14. Rd1 Qc7 15. Nb3 Rfb8 16. Rac1 a5 17. Rc2 Rb4 18. Nb1 Rab8 19. Na3 a4 20. Nc1 Qb7 21. Nd3 Rb6 22. c5 1-0

[Event "GER-ch Seniors"]
[Site "Dresden"]
[Date "2012.08.10"]
[Round "2"]
[White "Wulf, Adalbert"]
[Black "Siegmund, Rainer"]
[Result "0-1"]
[WhiteElo "1944"]
[BlackElo "2139"]
[PlyCount "50"]
[EventDate "2012.08.09"]
[EventType "swiss"]
[EventRounds "9"]
[EventCountry "GER"]
[SourceTitle "EXT 2014"]
[Source "ChessBase"]
[SourceDate "2013.11.20"]
[SourceVersion "1"]
[SourceVersionDate "2013.11.20"]
[SourceQuality "1"]

1. d4 Nf6 2. Bf4 d5 3. Nf3 e6 4. e3 c5 5. c3 Nc6 6. Nbd2 Bd6 7. Bg3 0-0 8. Ne5 Bxe5 9. dxe5 Nd7 10. f4 f6 11. Qg4 Qe7 12. Bb5 fxe5 13. Bxc6 bxc6 14. fxe5 Ba6 15. Nf3 Bd3 16. 0-0-0 Bf5 17. Qa4 Rfc8 18. Bh4 Qe8 19. Qf4 Rab8 20. g4 Be4 21. Rhf1 c4 22. Ng5 Nc5 23. Nxe4 Nxe4 24. Rg1 Rb7 25. Kc2 Rf7 0-1